Հանդիպումներ X մուսայի հետ : (Record no. 10265)
[ view plain ]
| 000 -LEADER | |
|---|---|
| fixed length control field | 00936nam a2200253 a 4500 |
| 001 - CONTROL NUMBER | |
| control field | 000025122 |
| 003 - CONTROL NUMBER IDENTIFIER | |
| control field | AM-YEHGA |
| 005 - DATE AND TIME OF LATEST TRANSACTION | |
| control field | 20250617121035.0 |
| 008 - FIXED-LENGTH DATA ELEMENTS--GENERAL INFORMATION | |
| fixed length control field | 010504s1985 ai |||||||||||||||||arm|d |
| 040 ## - CATALOGING SOURCE | |
| Original cataloging agency | AM-YeHGA |
| 041 1# - LANGUAGE CODE | |
| Language code of text/sound track or separate title | arm |
| 090 ## - LOCALLY ASSIGNED LC-TYPE CALL NUMBER (OCLC); LOCAL CALL NUMBER (RLIN) | |
| -- | 10340 |
| 245 #0 - TITLE STATEMENT | |
| Title | Հանդիպումներ X մուսայի հետ : |
| Remainder of title | Զրույցներ կինոարվեստի մասին: [Գիրք 1,2] / |
| Statement of responsibility, etc. | Ի. Վայսֆելդ և ուրիշ. ; Թարգմ.՝ Է. Մանուկյան ; Խմբ.՝ Հ.Հ. Դանիելյան. |
| 260 ## - PUBLICATION, DISTRIBUTION, ETC. | |
| Place of publication, distribution, etc. | Երևան : |
| Name of publisher, distributor, etc. | Սովետական գրող, |
| Date of publication, distribution, etc. | 1985. |
| 300 ## - PHYSICAL DESCRIPTION | |
| Extent | 536 էջ ; |
| Dimensions | 22 սմ. |
| 650 14 - SUBJECT ADDED ENTRY--TOPICAL TERM | |
| Topical term or geographic name entry element | Կինեմատոգրաֆիա |
| 700 1# - ADDED ENTRY--PERSONAL NAME | |
| Personal name | Դյոմին, Վ. |
| 700 1# - ADDED ENTRY--PERSONAL NAME | |
| Personal name | Վայսֆելդ, Ի. |
| 700 1# - ADDED ENTRY--PERSONAL NAME | |
| Personal name | Սոբոլև, Ռ. |
| 700 1# - ADDED ENTRY--PERSONAL NAME | |
| Personal name | Միխալկովիչ, Վ. |
| 700 1# - ADDED ENTRY--PERSONAL NAME | |
| Personal name | Մանուկյան, Է. |
| Relator term | թարգմ. |
| Relationship | trl |
| 700 ## - ADDED ENTRY--PERSONAL NAME | |
| Personal name | Դանիելյան, Հ.Հ. |
| Relator term | խմբ. |
| Relationship | edt |
| 942 ## - ADDED ENTRY ELEMENTS (KOHA) | |
| Source of classification or shelving scheme | Universal Decimal Classification |
| Koha item type | Գրքեր / Books |
| Withdrawn status | Lost status | Source of classification or shelving scheme | Damaged status | Not for loan | Home library | Current library | Date acquired | Total checkouts | Full call number | Barcode | Date last seen | Price effective from | Koha item type | Public note |
|---|---|---|---|---|---|---|---|---|---|---|---|---|---|---|
| Universal Decimal Classification | Fundamental Scientific Library | Fundamental Scientific Library | 21/12/2016 | AII/72957 | FL0700823 | 21/12/2016 | 21/12/2016 | Գրքեր / Books | 30 Days Loan | |||||
| Universal Decimal Classification | Fundamental Scientific Library | Fundamental Scientific Library | 21/12/2016 | AII/73065 | 220073065 | 21/12/2016 | 21/12/2016 | Գրքեր / Books | 30 Days Loan | |||||
| Universal Decimal Classification | Fundamental Scientific Library | Fundamental Scientific Library | 21/12/2016 | AII/73066 | 220073066 | 21/12/2016 | 21/12/2016 | Գրքեր / Books | 30 Days Loan | |||||
| Universal Decimal Classification | Fundamental Scientific Library | Fundamental Scientific Library | 21/12/2016 | AII/73564 | 220073564 | 21/12/2016 | 21/12/2016 | Գրքեր / Books | 30 Days Loan |
ՀՀ Գիտությունների ազգային ակադեմիայի հիմնարար գիտական գրադարան = Fundamental Scientific Library of NAS RA
All site content, except where otherwise noted, is licensed under a